Medzinárodná migrácia a Slovenská republika

Vývoj medzinárodnej migrácie na Slovensku. Aktuálnosť problematiky medzinárodnej migrácie v realite Slovenskej republiky. Údaje o vývoji promigračných ukazovateľov. Analýza vývoja krokov, ktoré viedli k vytvoreniu migračnej politiky SR.

Guardado en:
Detalles Bibliográficos
Autor principal: Mrázová, Ivana
Formato: Capítulo de libro
Lenguaje:eslovaco
Materias:
Etiquetas: Agregar Etiqueta
Sin Etiquetas, Sea el primero en etiquetar este registro!

MARC

LEADER 00000nla$a2200000$$$4500
001 0091634
005 20240502083232.8
041 0 |a slo 
044 |a CZ 
245 1 0 |a Medzinárodná migrácia a Slovenská republika  |c Ivana Mrázová 
520 |a Vývoj medzinárodnej migrácie na Slovensku. Aktuálnosť problematiky medzinárodnej migrácie v realite Slovenskej republiky. Údaje o vývoji promigračných ukazovateľov. Analýza vývoja krokov, ktoré viedli k vytvoreniu migračnej politiky SR. 
610 2 0 |a migrácia 
610 2 0 |a pohyb obyvateľstva 
610 2 0 |a pohyb síl pracovných medzinárodný 
610 2 0 |a politika azylová 
610 2 0 |a cudzinci 
610 2 0 |a bezpečnosť 
610 2 0 |a dohody medzinárodné 
610 2 0 |a Európska únia 
610 2 0 |a Slovensko 
100 1 |a Mrázová, Ivana